00489 2200181 4500245005200000020002200052250001100074100002000085700001900105700001100124650002100135005001900156260007600175041001400251084001000265300002300275336000900298 aNasi Goreng Beras JagungcSri WidiyastutihText a978-602-437-855-4 aCet. 1 aSri Widiyastuti aGadis Febriani aKaniah aCerita Bergambar a20240926113522 aJakartabKementerian Pendidikan, Kebudayaan, Riset, dan Teknologic2019 aIndonesia a741.5 a26 hlm. :c29,7 cm atext